[Event "8MCR_4D_1L_1S"]
[Site "?"]
[Date "2008.??.??"]
[Round "?"]
[White "Brichacek, Milan"]
[Black "Kuchta, Jiri"]
[Result "1/2-1/2"]
[WhiteElo "2215"]
[BlackElo "2185"]
[PlyCount "115"]
[EventDate "2008.??.??"]
[EventType "corr"]

1. e4 d5 2. exd5 Nf6 3. d4 Nxd5 4. Nf3 Bg4 5. c4 Nf6 6. Be2 e6 7. Nc3 c6 8. h3
Bxf3 9. Bxf3 Nbd7 10. Bf4 Be7 11. O-O O-O 12. Re1 Re8 13. Qd2 Qb6 14. c5 Qd8
15. a4 a5 16. h4 Bf8 17. Rad1 Rc8 18. h5 h6 19. Be2 Ra8 20. Qd3 b6 21. Qg3 bxc5
22. Bxh6 cxd4 23. Bxg7 Qb8 24. Bxf8+ Qxg3 25. fxg3 dxc3 26. Ba3 cxb2 27. Bxb2
Nd5 28. Rc1 Reb8 29. Ba1 Rb4 30. Rxc6 Rxa4 31. Bf3 N7f6 32. Rc5 Rd8 33. g4 Nxg4
34. Bxd5 exd5 35. Rxd5 Rb8 36. Bc3 Kh7 37. Rf5 Nh6 38. Rg5 Ng4 39. Bxa5 Rb2 40.
Bc3 Rc2 41. Bg7 Re4 42. Rb1 f6 43. Rg6 Rce2 44. Rf1 Ne5 45. Rg3 Rg4 46. Rxg4
Nxg4 47. Bxf6 Kh6 48. Bd4 Kxh5 49. Rc1 Rd2 50. Bc5 Kg5 51. Be7+ Kf5 52. Rf1+
Kg6 53. Re1 Kh5 54. Bc5 Rc2 55. Bd4 Kg6 56. Be5 Kf5 57. Bd6 Rd2 58. Bb4 1/2-1/2

[Event "8MCR_4D_1L_1S"]
[Site "?"]
[Date "2008.??.??"]
[Round "?"]
[White "Brichacek, Milan"]
[Black "Nyvlt, Zdenek"]
[Result "0-1"]
[WhiteElo "2215"]
[BlackElo "2312"]
[PlyCount "62"]
[EventDate "2008.??.??"]
[EventType "corr"]

1. e4 d6 2. d4 Nf6 3. Nc3 g6 4. Be3 c6 5. Qd2 Bg7 6. f3 b5 7. g4 h5 8. g5 Nfd7
9. f4 Bb7 10. a3 a5 11. Nf3 b4 12. Nd1 O-O 13. axb4 axb4 14. Rxa8 Bxa8 15. Qxb4
c5 16. dxc5 Nxc5 17. Nd2 Nc6 18. Qa3 Nd4 19. Bxd4 Bxd4 20. Bd3 e5 21. Nf3 Nxe4
22. Nxd4 exd4 23. Bxe4 Bxe4 24. O-O Qb6 25. Nf2 Bxc2 26. Re1 Bf5 27. b4 d3 28.
Qb2 Rc8 29. b5 Bd7 30. Rc1 Re8 31. Ra1 Bc6 0-1

[Event "8MCR_4D_1L_1S"]
[Site "?"]
[Date "2008.??.??"]
[Round "?"]
[White "Cvak, Rudolf"]
[Black "Bednarik, Radovan"]
[Result "1-0"]
[WhiteElo "2264"]
[BlackElo "2112"]
[PlyCount "57"]
[EventDate "2008.??.??"]
[EventType "corr"]

1. e4 c5 2. Nf3 e6 3. d4 cxd4 4. Nxd4 a6 5. Nc3 Qc7 6. f4 Bb4 7. Qd3 Nf6 8. e5
Nd5 9. Bd2 Bxc3 10. bxc3 d6 11. exd6 Qxd6 12. Be2 O-O 13. O-O Rd8 14. Nb3 Qb6+
15. Qd4 Bd7 16. Rab1 Qc7 17. c4 Nc6 18. Qc5 b6 19. Qf2 Nf6 20. Bf3 b5 21. c5
Re8 22. Rbd1 b4 23. Bc1 Nd5 24. f5 Nc3 25. f6 Nxd1 26. Rxd1 Ra7 27. Be4 Qe5 28.
Qh4 h5 29. Rf1 1-0

[Event "8MCR_4D_1L_1S"]
[Site "?"]
[Date "2008.??.??"]
[Round "?"]
[White "Cvak, Rudolf"]
[Black "Brichacek, Milan"]
[Result "1-0"]
[WhiteElo "2264"]
[BlackElo "2215"]
[PlyCount "123"]
[EventDate "2008.??.??"]
[EventType "corr"]

1. e4 c5 2. Nf3 d6 3. d4 cxd4 4. Nxd4 Nf6 5. Nc3 Nc6 6. Bc4 e6 7. Be3 Be7 8.
Qe2 a6 9. O-O-O Qc7 10. Bb3 Na5 11. g4 b5 12. g5 Nxb3+ 13. axb3 Nd7 14. Nf5
exf5 15. Nd5 Qd8 16. exf5 Bb7 17. f6 gxf6 18. Rhe1 Bxd5 19. Rxd5 h6 20. Bd2 Kf8
21. gxh6 Ne5 22. f4 Ng6 23. h4 f5 24. Rxf5 Nxh4 25. Rh5 Ng6 26. Qg2 Bf6 27. Ba5
Qxa5 28. Qxa8+ Qd8 29. Qe4 Qe7 30. Qh1 Qd8 31. Kb1 Nxf4 32. Rf5 Be5 33. Rf1 Qe7
34. R1xf4 Bxf4 35. Rxf4 Qe6 36. Rh4 Rh7 37. Ka2 d5 38. Rh5 Qb6 39. b4 Qe6 40.
Qh4 f6 41. Qg3 Kf7 42. Rh1 d4+ 43. b3 Qc6 44. Qd3 Rh8 45. Rh2 Qd6 46. Qh3 Qd5
47. Qg3 Rg8 48. Qc7+ Kg6 49. h7 Rh8 50. Rh3 a5 51. bxa5 b4 52. a6 Qe6 53. Rg3+
Kf5 54. Qb7 Qe2 55. Rg2 Qxg2 56. Qxg2 Rxh7 57. Qd5+ Kg6 58. Qxd4 Kg5 59. Qg1+
Kf5 60. a7 Rh8 61. Qc5+ Kg6 62. Qxb4 1-0

[Event "8MCR_4D_1L_1S"]
[Site "?"]
[Date "2008.??.??"]
[Round "?"]
[White "Cvak, Rudolf"]
[Black "Jirku, Jaroslav"]
[Result "1/2-1/2"]
[WhiteElo "2264"]
[BlackElo "2271"]
[PlyCount "67"]
[EventDate "2008.??.??"]
[EventType "corr"]

1. e4 e5 2. Nf3 Nc6 3. Bb5 a6 4. Ba4 Nf6 5. d4 exd4 6. O-O Be7 7. e5 Ne4 8.
Nxd4 O-O 9. Nf5 d5 10. Bxc6 bxc6 11. Nxe7+ Qxe7 12. Re1 Re8 13. f3 Nd6 14. b3
f6 15. Bb2 Nf7 16. f4 fxe5 17. fxe5 Bf5 18. Nd2 Rad8 19. Qf3 Qc5+ 20. Qf2 Qxf2+
21. Kxf2 Re6 22. Rac1 Rde8 23. c4 Nxe5 24. Rxe5 Rxe5 25. Bxe5 Rxe5 26. Nf3 Re7
27. cxd5 cxd5 28. Rc5 Be4 29. Ng5 d4 30. Nxe4 Rxe4 31. Rxc7 d3 32. Kf3 Re2 33.
a4 Rb2 34. Rc3 1/2-1/2

[Event "8MCR_4D_1L_1S"]
[Site "?"]
[Date "2008.??.??"]
[Round "?"]
[White "Cvak, Rudolf"]
[Black "Kratochvil, Jan"]
[Result "1/2-1/2"]
[WhiteElo "2264"]
[BlackElo "1915"]
[PlyCount "97"]
[EventDate "2008.??.??"]
[EventType "corr"]

1. e4 e5 2. Nf3 Nc6 3. Bb5 a6 4. Ba4 Nf6 5. d4 exd4 6. O-O Be7 7. e5 Ne4 8.
Nxd4 O-O 9. Nf5 Nc5 10. Qg4 g6 11. Bxc6 dxc6 12. Nxe7+ Qxe7 13. Qe2 Bf5 14. Nc3
b5 15. a3 f6 16. exf6 Qxe2 17. Nxe2 Bxc2 18. Bh6 Rxf6 19. Rac1 Bd3 20. Rxc5
Bxe2 21. Re1 Re6 22. f3 Rae8 23. b3 Kf7 24. Kf2 Bc4 25. Rxe6 Bxe6 26. Rxc6 Bxb3
27. Rxc7+ Re7 28. Rc6 Re6 29. Rc8 Re8 30. Rc5 Bc4 31. Be3 Re7 32. h4 Rd7 33.
Kg3 Bd5 34. Bg5 Ke6 35. Bf4 Rd8 36. Kg4 Bb7 37. Kg5 Rd5+ 38. Rxd5 Bxd5 39. Kh6
Bc4 40. Kxh7 Bf1 41. g3 Kf7 42. Be5 Be2 43. f4 a5 44. Bc3 b4 45. axb4 axb4 46.
Bxb4 Kf6 47. Bd6 Kf5 48. Kg7 Bf3 49. Bb4 1/2-1/2

[Event "8MCR_4D_1L_1S"]
[Site "?"]
[Date "2008.??.??"]
[Round "?"]
[White "Cvak, Rudolf"]
[Black "Kuta, Jiri"]
[Result "1/2-1/2"]
[WhiteElo "2264"]
[BlackElo "2360"]
[PlyCount "40"]
[EventDate "2008.??.??"]
[EventType "corr"]

1. e4 c5 2. Nf3 Nc6 3. d4 cxd4 4. Nxd4 Nf6 5. Nc3 e5 6. Ndb5 d6 7. Bg5 a6 8.
Na3 b5 9. Bxf6 gxf6 10. Nd5 f5 11. Bxb5 axb5 12. Nxb5 Ra4 13. b4 Qh4 14. O-O
Rg8 15. g3 f4 16. c3 fxg3 17. fxg3 Rxg3+ 18. hxg3 Qxg3+ 19. Kh1 Qh3+ 20. Kg1
Qg3+ 1/2-1/2

[Event "8MCR_4D_1L_1S"]
[Site "?"]
[Date "2008.??.??"]
[Round "?"]
[White "Cvak, Rudolf"]
[Black "Mateka, Petr"]
[Result "0-1"]
[WhiteElo "2264"]
[BlackElo "2330"]
[PlyCount "84"]
[EventDate "2008.??.??"]
[EventType "corr"]

1. e4 e5 2. Nf3 Nc6 3. Bb5 a6 4. Ba4 Nf6 5. d4 exd4 6. O-O Be7 7. e5 Ne4 8.
Nxd4 O-O 9. Nf5 d5 10. Bxc6 bxc6 11. Nxe7+ Qxe7 12. Re1 Re8 13. f3 Nc5 14. b3
Ne6 15. Bb2 a5 16. Nc3 Qg5 17. Ne2 a4 18. Kh1 Rd8 19. b4 Rb8 20. c3 c5 21. Bc1
Qxe5 22. bxc5 Qf6 23. Ba3 Ba6 24. Nd4 Nf4 25. Re3 Ra8 26. g3 Ne6 27. Nc6 Re8
28. Qxd5 Bb7 29. Ne7+ Rxe7 30. Qxb7 Rd8 31. Rae1 Red7 32. Bb4 Rd2 33. a3 h5 34.
Qe4 Rf2 35. f4 Ng5 36. fxg5 Rf1+ 37. Kg2 Qf2+ 38. Kh3 Rxe1 39. Rxe1 Rd2 40.
Qe8+ Kh7 41. Qe4+ g6 42. Rh1 Re2 0-1

[Event "8MCR_4D_1L_1S"]
[Site "?"]
[Date "2008.??.??"]
[Round "?"]
[White "Cvak, Rudolf"]
[Black "Nedoma, Petr"]
[Result "1-0"]
[WhiteElo "2264"]
[BlackElo "2323"]
[PlyCount "101"]
[EventDate "2008.??.??"]
[EventType "corr"]

1. e4 e5 2. Nf3 d6 3. d4 exd4 4. Nxd4 a6 5. Nc3 Be7 6. Bc4 Nf6 7. O-O O-O 8.
Bf4 Nbd7 9. Re1 Ne5 10. Bb3 c6 11. Qe2 Bg4 12. Qd2 Re8 13. h3 Bd7 14. Rad1 b5
15. Nf5 Bxf5 16. exf5 Nc4 17. Bxc4 bxc4 18. b3 cxb3 19. axb3 d5 20. Be5 Nd7 21.
Bd4 Qb8 22. Na4 Qb4 23. Bc3 Qd6 24. Qd3 Qf4 25. g3 Qb8 26. Kg2 c5 27. Qxd5 Ra7
28. Qe4 Kf8 29. Qf3 Kg8 30. Rd5 Bf8 31. Red1 Nb6 32. Be5 Rxe5 33. Nxb6 Rxd5 34.
Nxd5 Qa8 35. f6 Kh8 36. Qf4 Rb7 37. fxg7+ Bxg7 38. Qf5 Rb8 39. Kh2 Qc6 40. Nf4
Rf8 41. Nh5 Re8 42. Rd7 Qg6 43. Re7 Rd8 44. Qd5 Rf8 45. Qxc5 h6 46. Rd7 Re8 47.
Rd6 Qg5 48. Qc6 Rf8 49. Nxg7 Kxg7 50. Qc3+ f6 51. Rxa6 1-0

[Event "8MCR_4D_1L_1S"]
[Site "?"]
[Date "2008.??.??"]
[Round "?"]
[White "Hybl, Vladislav"]
[Black "Boukal, Petr"]
[Result "1/2-1/2"]
[WhiteElo "2315"]
[BlackElo "2416"]
[PlyCount "57"]
[EventDate "2008.??.??"]
[EventType "corr"]

1. d4 Nf6 2. Nf3 g6 3. c4 Bg7 4. Nc3 O-O 5. e4 d6 6. Be2 e5 7. O-O Nc6 8. d5
Ne7 9. b4 a5 10. Ba3 axb4 11. Bxb4 b6 12. a4 Re8 13. Qd3 Nf5 14. a5 bxa5 15.
Rxa5 Bd7 16. Rxa8 Qxa8 17. exf5 e4 18. Nxe4 Nxe4 19. fxg6 hxg6 20. Nd2 Ng5 21.
Bd1 Rb8 22. Qa3 Qxa3 23. Bxa3 Bf5 24. Bc1 Ne4 25. Nxe4 Bxe4 26. Be2 Ra8 27. Rd1
Bc2 28. Rf1 Ra2 29. h4 1/2-1/2

[Event "8MCR_4D_1L_1S"]
[Site "?"]
[Date "2008.??.??"]
[Round "?"]
[White "Hybl, Vladislav"]
[Black "Cvak, Rudolf"]
[Result "1/2-1/2"]
[WhiteElo "2315"]
[BlackElo "2264"]
[PlyCount "99"]
[EventDate "2008.??.??"]
[EventType "corr"]

1. e4 e5 2. Nf3 Nf6 3. Nxe5 d6 4. Nf3 Nxe4 5. d4 d5 6. Bd3 Nc6 7. O-O Be7 8. c4
Nb4 9. Be2 O-O 10. Nc3 Bf5 11. a3 Nxc3 12. bxc3 Nc6 13. Re1 Re8 14. cxd5 Qxd5
15. Bf4 Rac8 16. Bd3 b5 17. Rb1 a6 18. a4 Bxd3 19. Qxd3 bxa4 20. Qxa6 a3 21.
Ra1 Bf8 22. Rxe8 Rxe8 23. Bxc7 Qb3 24. Bf4 Re6 25. Qf1 Na5 26. h3 a2 27. d5
Qxd5 28. c4 Nxc4 29. Rxa2 Ne5 30. Ra6 Nxf3+ 31. gxf3 Rxa6 32. Qxa6 Qxf3 33. Bg3
Qd1+ 34. Kh2 Qd5 35. Qc8 f6 36. Qe8 g6 37. h4 Kg7 38. Qe3 Kf7 39. Qf4 h6 40.
Qc7+ Be7 41. Qf4 g5 42. hxg5 hxg5 43. Qe3 f5 44. f3 Bf6 45. Kg2 Kg6 46. Qc1 Kg7
47. Qc7+ Kh6 48. Qc8 Bg7 49. Qc1 Kg6 50. Qe3 1/2-1/2

[Event "8MCR_4D_1L_1S"]
[Site "?"]
[Date "2008.??.??"]
[Round "?"]
[White "Hybl, Vladislav"]
[Black "Jandovsky, Viktor"]
[Result "1/2-1/2"]
[WhiteElo "2315"]
[BlackElo "2280"]
[PlyCount "67"]
[EventDate "2008.??.??"]
[EventType "corr"]

1. d4 Nf6 2. c4 g6 3. Nc3 Bg7 4. e4 d6 5. Nf3 O-O 6. Be2 e5 7. O-O Nc6 8. d5
Ne7 9. b4 Nh5 10. Re1 f5 11. Ng5 Nf6 12. Bf3 c6 13. Be3 h6 14. Ne6 Bxe6 15.
dxe6 fxe4 16. Nxe4 Nxe4 17. Bxe4 d5 18. cxd5 cxd5 19. Bc5 dxe4 20. Qxd8 Rfxd8
21. Bxe7 Re8 22. Bc5 b6 23. Be3 Rxe6 24. a4 Rd8 25. b5 Kf7 26. Kf1 Bf8 27. Rec1
Kf6 28. Ke2 Rd3 29. Rc8 Bb4 30. Rb1 Ba5 31. Rc4 Ra3 32. Rxe4 Bc3 33. Rc4 Ra2+
34. Kf3 1/2-1/2

[Event "8MCR_4D_1L_1S"]
[Site "?"]
[Date "2008.??.??"]
[Round "?"]
[White "Hybl, Vladislav"]
[Black "Kubecek, Jan"]
[Result "1-0"]
[WhiteElo "2315"]
[BlackElo "1985"]
[PlyCount "40"]
[EventDate "2008.??.??"]
[EventType "corr"]

1. e4 c5 2. Nf3 d6 3. d4 cxd4 4. Nxd4 Nf6 5. Nc3 a6 6. Be3 e5 7. Nb3 Be6 8. f3
Be7 9. Qd2 O-O 10. O-O-O Nbd7 11. g4 b5 12. g5 Nh5 13. Nd5 Bxd5 14. exd5 f5 15.
gxf6 Bxf6 16. Na5 Qc7 17. Nc6 Nf4 18. c4 bxc4 19. Bxc4 Bg5 20. Kb1 Nf6 {PCL}
1-0

[Event "8MCR_4D_1L_1S"]
[Site "?"]
[Date "2008.??.??"]
[Round "?"]
[White "Hybl, Vladislav"]
[Black "Kuchta, Jiri"]
[Result "1-0"]
[WhiteElo "2315"]
[BlackElo "2185"]
[PlyCount "115"]
[EventDate "2008.??.??"]
[EventType "corr"]

1. e4 d5 2. exd5 Nf6 3. d4 Nxd5 4. Nf3 Bg4 5. h3 Bf5 6. Be2 e6 7. O-O Be7 8. a3
O-O 9. c4 Nb6 10. Be3 Bf6 11. Nc3 Nc6 12. b4 Re8 13. g4 Bg6 14. Rc1 h6 15. Qd2
a6 16. Rfd1 Rc8 17. Bd3 Bxd3 18. Qxd3 a5 19. b5 Nb8 20. Ne4 N8d7 21. Bd2 a4 22.
c5 Nd5 23. Rc4 Ra8 24. Qc2 Be7 25. Rxa4 Rxa4 26. Qxa4 N7f6 27. Nxf6+ Bxf6 28.
Qb3 Qe7 29. a4 b6 30. a5 bxa5 31. Ra1 Ra8 32. Rxa5 Rxa5 33. Bxa5 g5 34. Bd2 Qd8
35. Qa4 Ne7 36. Be3 Kg7 37. Nd2 Nd5 38. Ne4 Qb8 39. Bd2 Qd8 40. f3 Kg6 41. Kf1
Bh8 42. Nc3 Kh7 43. Ke2 Ne7 44. Be3 Ng6 45. Qb4 Qb8 46. b6 cxb6 47. cxb6 Bf6
48. b7 Be7 49. Qb5 Qh2+ 50. Kd1 Bd6 51. Ne4 Qh1+ 52. Kc2 Qh2+ 53. Bd2 Bb8 54.
d5 exd5 55. Nf6+ Kg7 56. Nh5+ Kh7 57. Qd7 Qc7+ 58. Qxc7 1-0

[Event "8MCR_4D_1L_1S"]
[Site "?"]
[Date "2008.??.??"]
[Round "?"]
[White "Hybl, Vladislav"]
[Black "Mateka, Petr"]
[Result "1/2-1/2"]
[WhiteElo "2315"]
[BlackElo "2330"]
[PlyCount "88"]
[EventDate "2008.??.??"]
[EventType "corr"]

1. d4 Nf6 2. c4 e6 3. g3 d5 4. Bg2 Be7 5. Nf3 O-O 6. O-O dxc4 7. Qc2 a6 8. Qxc4
b5 9. Qc2 Bb7 10. Bd2 Nbd7 11. Ba5 Rc8 12. Nbd2 Qe8 13. b4 Nb8 14. Ne5 Nd5 15.
Nb3 Ba8 16. Nc5 Nb6 17. Bxa8 Nxa8 18. a4 Nb6 19. axb5 axb5 20. Rfc1 Bd6 21. Ne4
Nd5 22. Ng5 f5 23. e4 fxe4 24. Qxe4 Rf5 25. Nef7 Bf8 26. g4 Nf6 27. Qe2 Rf4 28.
f3 Nd5 29. Qd3 g6 30. Ne5 Bd6 31. Re1 Na6 32. h4 Ra8 33. Ra3 Rb8 34. Qb3 h6 35.
Ne4 Bxe5 36. dxe5 Qe7 37. Nf6+ Nxf6 38. exf6 Rxf6 39. Ra2 Qd6 40. Kg2 Qd5 41.
Qxd5 exd5 42. Re7 Rbf8 43. Ra3 R8f7 44. Re8+ Rf8 1/2-1/2

[Event "8MCR_4D_1L_1S"]
[Site "?"]
[Date "2008.??.??"]
[Round "?"]
[White "Hybl, Vladislav"]
[Black "Nyvlt, Zdenek"]
[Result "1/2-1/2"]
[WhiteElo "2315"]
[BlackElo "2312"]
[PlyCount "72"]
[EventDate "2008.??.??"]
[EventType "corr"]

1. e4 d6 2. d4 Nf6 3. Nc3 g6 4. Be3 c6 5. h3 Bg7 6. f4 Qb6 7. a3 O-O 8. Bd3 Nh5
9. Nge2 e5 10. fxe5 dxe5 11. Na4 Qc7 12. c3 Nd7 13. O-O b5 14. Nc5 Nxc5 15.
dxc5 Rd8 16. a4 Nf4 17. Nxf4 exf4 18. Bxf4 Be5 19. Bg5 Re8 20. axb5 cxb5 21. b4
Qb7 22. Bf6 Bxf6 23. Rxf6 Be6 24. Qf1 a6 25. Qf4 a5 26. Rxa5 Rxa5 27. bxa5 Qa7
28. Qe5 Qxa5 29. c6 Qb6+ 30. Kh2 Qb8 31. Qxb8 Rxb8 32. e5 Kf8 33. Rf4 Rb6 34.
Be4 Ke7 35. Bf3 Kd8 36. Rb4 Kc7 1/2-1/2

[Event "8MCR_4D_1L_1S"]
[Site "?"]
[Date "2008.??.??"]
[Round "?"]
[White "Jandovsky, Viktor"]
[Black "Boukal, Petr"]
[Result "0-1"]
[WhiteElo "2280"]
[BlackElo "2416"]
[PlyCount "86"]
[EventDate "2008.??.??"]
[EventType "corr"]

1. e4 e6 2. d4 d5 3. Nc3 Bb4 4. e5 c5 5. a3 Bxc3+ 6. bxc3 Ne7 7. Qg4 O-O 8. Bd3
Nbc6 9. Qh5 Ng6 10. Nf3 Qc7 11. Be3 c4 12. Bxg6 fxg6 13. Qg4 Qf7 14. Ng5 Qe8
15. O-O Bd7 16. Qg3 h6 17. Nf3 Ne7 18. Qg4 Nf5 19. Bd2 Ba4 20. Ne1 g5 21. Ra2
a5 22. Nf3 Qe7 23. Qh5 Be8 24. Qg4 b5 25. Raa1 Rb8 26. Rfb1 Bf7 27. Rb2 Rb7 28.
Ne1 Bg6 29. Bc1 Qf7 30. Qe2 b4 31. axb4 axb4 32. Bd2 Rfb8 33. Qd1 Qe8 34. Rxb4
Rxb4 35. cxb4 Nxd4 36. Be3 Nb5 37. Bc5 Qc6 38. h4 gxh4 39. Qg4 Bf5 40. Qxh4 Ra8
41. Rxa8+ Qxa8 42. Kh2 Qb8 43. Qf4 Qd8 0-1

[Event "8MCR_4D_1L_1S"]
[Site "?"]
[Date "2008.??.??"]
[Round "?"]
[White "Jandovsky, Viktor"]
[Black "Cvak, Rudolf"]
[Result "0-1"]
[WhiteElo "2280"]
[BlackElo "2264"]
[PlyCount "90"]
[EventDate "2008.??.??"]
[EventType "corr"]

1. e4 e5 2. Nf3 Nf6 3. Nxe5 d6 4. Nf3 Nxe4 5. d4 d5 6. Bd3 Nc6 7. O-O Be7 8. c4
Nb4 9. Be2 O-O 10. Nc3 Bf5 11. a3 Nxc3 12. bxc3 Nc6 13. cxd5 Qxd5 14. Re1 Rfe8
15. Bf4 Rac8 16. Bd3 b5 17. a4 b4 18. c4 Qd7 19. d5 Bf6 20. Rb1 Bxd3 21. Qxd3
a5 22. Rbd1 Rxe1+ 23. Rxe1 Ne7 24. Qb3 Ng6 25. Bg3 Be7 26. Nd4 Bc5 27. Nc6 f5
28. Be5 f4 29. Bd4 Re8 30. Rf1 Qd6 31. Qd3 Bxd4 32. Nxd4 Qe7 33. Ne6 Nf8 34.
Nxf4 Qe4 35. g3 g5 36. f3 Qe3+ 37. Qxe3 Rxe3 38. Nh3 Re2 39. c5 Rc2 40. c6 Ng6
41. Nf2 Ne5 42. Ng4 Nc4 43. f4 Kg7 44. Re1 b3 45. Re7+ Kg6 0-1

[Event "8MCR_4D_1L_1S"]
[Site "?"]
[Date "2008.??.??"]
[Round "?"]
[White "Jandovsky, Viktor"]
[Black "Kubecek, Jan"]
[Result "1-0"]
[WhiteElo "2280"]
[BlackElo "1985"]
[PlyCount "80"]
[EventDate "2008.??.??"]
[EventType "corr"]

1. e4 c5 2. Nf3 d6 3. d4 cxd4 4. Nxd4 Nf6 5. Nc3 a6 6. Be3 Ng4 7. Bg5 h6 8. Bh4
g5 9. Bg3 Bg7 10. h3 Ne5 11. Nf5 Bxf5 12. exf5 Nbc6 13. Nd5 e6 14. fxe6 fxe6
15. Ne3 O-O 16. Be2 d5 17. O-O Ng6 18. Bg4 Qf6 19. Bd6 Rfd8 20. Bh2 Nce5 21. c3
Nf4 22. Nc2 Nxg4 23. hxg4 Rd7 24. Nd4 Rf8 25. Qa4 Rff7 26. Rae1 e5 27. Nf5 Bf8
28. Qc2 h5 29. Ne3 d4 30. Bxf4 gxf4 31. Nc4 d3 32. Qd1 d2 33. Re2 hxg4 34. Rxd2
Rc7 35. Rd6 Bxd6 36. Nxd6 Rf8 37. Qd5+ Kh8 38. Ne4 Qf5 39. Rd1 g3 40. Rd3 Rh7 {
PCL} 1-0

[Event "8MCR_4D_1L_1S"]
[Site "?"]
[Date "2008.??.??"]
[Round "?"]
[White "Jandovsky, Viktor"]
[Black "Kuchta, Jiri"]
[Result "1-0"]
[WhiteElo "2280"]
[BlackElo "2185"]
[PlyCount "85"]
[EventDate "2008.??.??"]
[EventType "corr"]

1. e4 d5 2. exd5 Nf6 3. d4 Nxd5 4. Nf3 Bg4 5. c4 Nf6 6. Be2 e6 7. Qb3 Qc8 8.
Nc3 Nbd7 9. O-O Be7 10. h3 Bh5 11. Be3 c6 12. Bf4 O-O 13. Rfe1 Rd8 14. Rad1 b6
15. g4 Bg6 16. Nh4 Nf8 17. Bg3 Bd6 18. Bxd6 Rxd6 19. Bf3 Rb8 20. Nxg6 Nxg6 21.
g5 Ne8 22. d5 Nf4 23. Bg4 cxd5 24. Nb5 dxc4 25. Nxd6 cxb3 26. Nxc8 Rxc8 27. Rd4
h5 28. gxh6 Ng6 29. axb3 gxh6 30. Rc4 Rc7 31. Ra1 a5 32. Rac1 Re7 33. Rc6 Rb7
34. Rc8 Kf8 35. Bf3 Re7 36. Bc6 f6 37. Rb8 Nf4 38. Kh2 f5 39. Rc4 e5 40. Bxe8
Rxe8 41. Rxe8+ Kxe8 42. Rc6 Kf7 43. Rxb6 1-0

[Event "8MCR_4D_1L_1S"]
[Site "?"]
[Date "2008.??.??"]
[Round "?"]
[White "Jandovsky, Viktor"]
[Black "Mateka, Petr"]
[Result "1/2-1/2"]
[WhiteElo "2280"]
[BlackElo "2330"]
[PlyCount "120"]
[EventDate "2008.??.??"]
[EventType "corr"]

1. e4 e5 2. Nf3 Nc6 3. Bb5 a6 4. Ba4 Nf6 5. O-O Be7 6. Re1 b5 7. Bb3 O-O 8. c3
d6 9. h3 Na5 10. Bc2 c5 11. d4 Qc7 12. Nbd2 cxd4 13. cxd4 Nc6 14. Nb3 a5 15.
Be3 a4 16. Nbd2 Bd7 17. Rc1 Rac8 18. Nf1 Qb8 19. Ng3 Rfe8 20. Qd2 exd4 21. Nxd4
Ne5 22. Ndf5 Nc4 23. Qd4 Nxe3 24. Qxe3 Bf8 25. Qg5 Kh8 26. Nd4 d5 27. e5 Ne4
28. Bxe4 Rxc1 29. Qxc1 dxe4 30. Rxe4 Rxe5 31. Nc6 Bxc6 32. Qxc6 Kg8 33. b3 a3
34. Qc3 Rc5 35. Qd3 Rc1+ 36. Nf1 b4 37. Qe2 g6 38. Rd4 Qc7 39. Rd1 Rxd1 40.
Qxd1 Qc3 41. Qd2 Bc5 42. g3 Bd4 43. Kg2 h6 44. f4 Kg7 45. g4 Qb2 46. Kf3 Qa1
47. Ng3 Bc3 48. Qc2 Bb2 49. f5 Be5 50. Qf2 Qc3+ 51. Kg2 Bxg3 52. Qxg3 Qc2+ 53.
Kf3 gxf5 54. Qe5+ Kg6 55. Qd6+ Kh7 56. Qxb4 Qxa2 57. Qc4 fxg4+ 58. hxg4 Qb2 59.
Qxf7+ Qg7 60. Qc4 Qf6+ 1/2-1/2

[Event "8MCR_4D_1L_1S"]
[Site "?"]
[Date "2008.??.??"]
[Round "?"]
[White "Jandovsky, Viktor"]
[Black "Nedoma, Petr"]
[Result "1/2-1/2"]
[WhiteElo "2280"]
[BlackElo "2323"]
[PlyCount "74"]
[EventDate "2008.??.??"]
[EventType "corr"]

1. e4 e5 2. Nf3 d6 3. d4 exd4 4. Nxd4 a6 5. Nc3 Be7 6. Be3 Nf6 7. Qd2 Nc6 8. f3
Nxd4 9. Bxd4 O-O 10. Bd3 Be6 11. O-O c5 12. Bf2 d5 13. exd5 Nxd5 14. Rad1 Nf6
15. Qf4 Qb8 16. Qxb8 Raxb8 17. Rfe1 Rfe8 18. Bf1 c4 19. Ne4 Nxe4 20. Rxe4 b5
21. c3 Red8 22. Red4 Bf6 23. Rxd8+ Rxd8 24. Rxd8+ Bxd8 25. g3 f5 26. Bd4 g5 27.
h3 g4 28. fxg4 fxg4 29. Bg2 Bg5 30. Bb7 a5 31. Bb6 a4 32. Bc6 Bc1 33. Bxb5 Bxb2
34. Bd4 a3 35. Kf2 Kf7 36. Ke3 Bc1+ 37. Ke4 Bg5 1/2-1/2

[Event "8MCR_4D_1L_1S"]
[Site "?"]
[Date "2008.??.??"]
[Round "?"]
[White "Jandovsky, Viktor"]
[Black "Nyvlt, Zdenek"]
[Result "1/2-1/2"]
[WhiteElo "2280"]
[BlackElo "2312"]
[PlyCount "66"]
[EventDate "2008.??.??"]
[EventType "corr"]

1. e4 c5 2. Nf3 Nc6 3. d4 cxd4 4. Nxd4 Nf6 5. Nc3 d6 6. Bg5 e6 7. Qd2 a6 8.
O-O-O h6 9. Be3 Be7 10. f4 Nxd4 11. Bxd4 b5 12. e5 dxe5 13. fxe5 Nd5 14. Ne4
Bb7 15. Kb1 O-O 16. Bd3 Nb4 17. Nf6+ Kh8 18. Qf2 Qa5 19. a3 Nd5 20. c3 Bxa3 21.
Nxd5 Bxd5 22. bxa3 Qxa3 23. Rhf1 Rac8 24. Qb2 Qe7 25. Rf4 a5 26. Qe2 Bc4 27.
Bxc4 Rxc4 28. Rdf1 Rcc8 29. Qf2 Rc7 30. Qd2 b4 31. cxb4 axb4 32. Bb6 Rb7 33.
Qe3 Qg5 1/2-1/2

[Event "8MCR_4D_1L_1S"]
[Site "?"]
[Date "2008.??.??"]
[Round "?"]
[White "Jirku, Jaroslav"]
[Black "Antosik, Alois"]
[Result "1-0"]
[WhiteElo "2271"]
[BlackElo "2200"]
[PlyCount "59"]
[EventDate "2008.??.??"]
[EventType "corr"]

1. e4 c5 2. Nf3 g6 3. d4 Bg7 4. dxc5 Qa5+ 5. Nc3 Nf6 6. e5 Ne4 7. Qd4 Nxc3 8.
Bd2 Nb5 9. Qh4 Qc7 10. Bxb5 Nc6 11. O-O-O Nd8 12. Be3 h6 13. Qe4 Ne6 14. Rd5
O-O 15. Rhd1 Rd8 16. Qh4 g5 17. Qg4 Qa5 18. Qa4 Qxa4 19. Bxa4 Nc7 20. R5d2 b5
21. cxb6 axb6 22. Bb3 Rb8 23. h4 gxh4 24. Nxh4 e6 25. f4 Re8 26. g4 Bf8 27. g5
Be7 28. Rh2 hxg5 29. fxg5 Kg7 30. g6 1-0

[Event "8MCR_4D_1L_1S"]
[Site "?"]
[Date "2008.??.??"]
[Round "?"]
[White "Jirku, Jaroslav"]
[Black "Bednarik, Radovan"]
[Result "1-0"]
[WhiteElo "2271"]
[BlackElo "2112"]
[PlyCount "73"]
[EventDate "2008.??.??"]
[EventType "corr"]

1. e4 c5 2. Nf3 e6 3. d4 cxd4 4. Nxd4 a6 5. Bd3 Qc7 6. O-O Nf6 7. Qe2 d6 8. c4
g6 9. Nc3 Bg7 10. Nf3 O-O 11. Rd1 Nbd7 12. Bf4 Ng4 13. Rac1 b6 14. Bb1 Nde5 15.
Nxe5 Nxe5 16. b3 Rb8 17. Be3 f5 18. Qd2 Nf7 19. exf5 gxf5 20. f4 Rd8 21. g4
fxg4 22. Qd3 Kf8 23. Qxh7 Bb7 24. Ne4 Qe7 25. Rf1 d5 26. Ng5 d4 27. Bd2 Nxg5
28. fxg5+ Bf3 29. Bd3 Ke8 30. Rce1 Rd6 31. Qg8+ Bf8 32. h3 e5 33. hxg4 Qe6 34.
Qxe6+ Rxe6 35. Rxf3 Bg7 36. Bf5 Rc6 37. Ref1 1-0

[Event "8MCR_4D_1L_1S"]
[Site "?"]
[Date "2008.??.??"]
[Round "?"]
[White "Jirku, Jaroslav"]
[Black "Brichacek, Milan"]
[Result "1/2-1/2"]
[WhiteElo "2271"]
[BlackElo "2215"]
[PlyCount "58"]
[EventDate "2008.??.??"]
[EventType "corr"]

1. e4 c5 2. Nf3 d6 3. Bb5+ Bd7 4. Bxd7+ Qxd7 5. O-O Nc6 6. c3 d5 7. exd5 Qxd5
8. d4 e6 9. Be3 cxd4 10. cxd4 Nf6 11. Nc3 Qd6 12. Ne5 Be7 13. Nb5 Qd8 14. Qf3
Qb6 15. a4 O-O 16. Rac1 Rac8 17. Nxc6 bxc6 18. d5 c5 19. dxe6 fxe6 20. Rfd1 Nd5
21. Qe4 Rcd8 22. a5 Qa6 23. Nc3 Nxe3 24. Qxe3 c4 25. Rxd8 Bxd8 26. Qe2 Bxa5 27.
Ne4 Qc6 28. Rxc4 Qd5 29. Qc2 Bb6 1/2-1/2

[Event "8MCR_4D_1L_1S"]
[Site "?"]
[Date "2008.??.??"]
[Round "?"]
[White "Jirku, Jaroslav"]
[Black "Hybl, Vladislav"]
[Result "1/2-1/2"]
[WhiteElo "2271"]
[BlackElo "2315"]
[PlyCount "50"]
[EventDate "2008.??.??"]
[EventType "corr"]

1. e4 c5 2. Nf3 d6 3. Bb5+ Bd7 4. Bxd7+ Qxd7 5. O-O Nc6 6. c3 Nf6 7. d4 Nxe4 8.
d5 Ne5 9. Re1 Nxf3+ 10. Qxf3 Nf6 11. Na3 e5 12. dxe6 fxe6 13. Bg5 Be7 14. Rad1
O-O-O 15. Nc4 Rhf8 16. Qe3 Nd5 17. Qxe6 Qxe6 18. Rxe6 Nxc3 19. bxc3 Bxg5 20.
Nxd6+ Kc7 21. g3 Bf6 22. c4 a6 23. Rd5 Bd4 24. Re7+ Kc6 25. Re6 Kc7 1/2-1/2